|
|
|
|
| LEADER |
01472nam a2200337 4500 |
| 001 |
DLU120132030 |
| 005 |
##20120221 |
| 040 |
# |
# |
|a DLU
|b vie
|
| 041 |
# |
# |
|a vie
|
| 044 |
# |
# |
|a vn
|
| 082 |
# |
# |
|a 307.760 959 7
|b Van
|
| 245 |
# |
# |
|a Văn hoá và lối sống đô thị Việt Nam :
|b Một cách tiếp cận /
|c Trương Minh Dục, Lê Văn Định đồng chủ biên.
|
| 260 |
# |
# |
|a H. :
|b Chính trị Quốc gia,
|c 2010.
|
| 300 |
# |
# |
|a 671 tr. ;
|c 22 cm.
|
| 504 |
# |
# |
|a Tài liệu tham khảo: tr.660-667.
|
| 505 |
# |
# |
|a Phần thứ nhất. Văn hoá và lối sống đô thị - cơ sở lý luận, phương pháp tiếp cận nghiên cứu -- Phần thứ hai. Các nhân tố ảnh hưởng đến sự hình thành và phát triển văn hoá và lối sống đô thị ở Việt Nam -- Phần thứ ba. Văn hoá và lối sống đô thị thủ đô Hà Nội và các đô thị vùng Bắc bộ -- Phần thứ tư. Văn hoá và lối sống đô thị vùng Trung bộ và Tây nguyên.
|
| 650 |
# |
# |
|a Đô thị hoá
|z Việt Nam.
|
| 650 |
# |
# |
|a Phát triển cộng đồng đô thị
|z Việt Nam.
|
| 700 |
# |
# |
|a Lê Văn Định,
|c TS.
|e chủ biên.
|
| 700 |
# |
# |
|a Trương Minh Dục,
|c PGS.TS.
|e chủ biên.
|
| 923 |
# |
# |
|a 18/2011
|
| 991 |
# |
# |
|a SH
|
| 992 |
# |
# |
|a 101000
|
| 994 |
# |
# |
|a DLU
|
| 900 |
# |
# |
|a True
|
| 911 |
# |
# |
|a Nguyễn Thanh Hương
|
| 925 |
# |
# |
|a G
|
| 926 |
# |
# |
|a A
|
| 927 |
# |
# |
|a SH
|
| 980 |
# |
# |
|a Thư viện Trường Đại học Đà Lạt
|